000 00734nam a2200241Ia 4500
003 OSt
005 20220930193927.0
006 a|||||r|||| 00| 0
007 ta
008 220926b |||||||| |||| 00| 0 eng d
024 _a12145
037 _cDissertations
040 _aCRL
_cCRL
_beng
041 _2eng
_aeng
100 _aSrivastava Rashmi
_9562809
110 _aUniversity of Delhi. Faculty of Social Sciences. Department of History
245 0 _aImpact of industrialisation on the Tribals of Chotannagpur region
260 _c1983
650 _aHISTORY
700 _aUniversity of Delhi. Faculty of Social Sciences. Department of History
942 _cDIS
_2CC
999 _c897100
_d897100